000 01389nam a2200349Ia 4500
001 032340
008 221003m2012 xx 000 0 spa d
035 _aCENDO_23114
041 _aspa
100 _aPALACIOS RODRIGUEZ, Marito
_920983
245 0 _a<¿>Coeducación o escuela segregada? :
_b<un> viejo y persistente debate /
_cSecretaría de la Mujer [de la Federación de Enseñanza de Castilla y León]
260 _a[S.l.] :
_bFederación de Enseñanza de CCOO Castilla y León,
_c2012
300 _a3 p. ;
_c 30 cm
500 _aEn: T.E. : Castilla y León, n. 331 (marzo 2012), p. 10-12
650 _aSISTEMA EDUCATIVO
_9915
650 0 _aIGUALDAD DE OPORTUNIDADES
_9590
650 _aENSEÑANZA
_9699
650 _aEDUCACION GENERAL
_915845
650 _aPOLITICA EDUCATIVA
_9675
650 _aADMINISTRACION EDUCATIVA
_920314
710 _aCCOO
_bFederación de Enseñanza
_bFederación de Castilla y León
_eed.
_920394
710 _aCCOO
_bFederación de Enseñanza
_bFederación de Castilla y León^dSecretaría de la Mujer
_920985
856 _zPDF
_uhttp://docpublicos.ccoo.es/cendoc/032340CoeducacionEscuelaSegregada.pdf
901 _a1
903 _aNO
904 _a000
907 _aSistema Educativo
953 _d2012-04-02
_yDOCU_ELEC
_hT.E. : Castilla y León, n. 331 (marzo 2012), p. 10-12
_tPS09
999 _c23113
_d23113
910 _a2012
942 _cDOCU_ELEC